| 000 | 00663nam a22001937a 4500 | ||
|---|---|---|---|
| 003 | OSt | ||
| 005 | 20220128153540.0 | ||
| 008 | 200519b xxu||||| |||| 00| 0 eng d | ||
| 020 | _a9988785402 | ||
| 040 | _cLC | ||
| 050 | _aPE1112.W74 | ||
| 100 | _aWiredu, John F. | ||
| 245 | _aOrganised English Grammar. / | ||
| 260 |
_aAccra: _bAcademic Publications (Ghana) ltd, _c1998. |
||
| 300 |
_avi, 162 p. : _bill. |
||
| 505 | _aContents: Parts of speech -- Nouns -- Verbs -- Adjectives -- Adverbs -- Pronouns -- Determiners -- Auxiliary verbs -- Prepositions -- Conjunctions -- | ||
| 650 | _2English language -- Grammar -- Problems, exercises, | ||
| 942 |
_2lcc _cBK |
||
| 999 |
_c8538 _d16038 |
||